000 00388cam a2200145ua 4500
041 _aeng
_h
082 _a828.09
_bSTA/TH
100 _aStang, Richard .
245 _aTheory of the novel in England 1850-1870 /
_cRichard stang.
_hTextual Documents
260 _aLondon :
_bRoutledge & Kegan Paul Ltd ,
_c1961.
300 _a251 ; .
504 _a
942 _cBK
999 _c5357
_d5357